| 000 | 00482nam a2200157Ia 4500 | ||
|---|---|---|---|
| 008 | 220216s9999 xx 000 0 und d | ||
| 100 | _aMartinez O | ||
| 245 | 0 | _aEstimating the locations and the sizes of the effects of quantitative trait loci using flankig markers | |
| 260 |
_bTheoretical and Applied Genetics _c1992 |
||
| 300 | _a480-488 | ||
| 650 | _aInterval mapping | ||
| 650 | _aQuantitative trait loci | ||
| 650 | _aRFLPs mapping | ||
| 700 | _aCurnow R N | ||
| 942 | _cJS | ||
| 999 |
_c58814 _d58814 |
||